Представление документа в формате RUSMARC

ПолеНазваниеЗначение
  Тип записи a
  Библиографический уровень m
001 Контрольный номер RU/SLIB/B/208708704
005 Дата корректировки 20210406101605.3
010 Индекс ISBN __
d Цена 47-45
101 Язык документа 0_
a Язык текста rus
c Язык оригинала rus
200 Заглавие и сведения об ответственности 1_
a Заглавие Новейшая история отечества, ХХ век
e Сведения, относящиеся к заглавию учеб. для вузов : в 2 т.
f Первые сведения об ответственности под ред. А. Ф. Киселева, Э. М. Щагина
b Общее обозначение материала Текст
h Номер части Т. 2
210 Выходные данные 1_
a Место издания М.
c Издательство Владос
d Дата издания 1998
215 Физическое описание __
a Объем 448 с.
600 Персоналии _1
a Персоналии (Фамилия) Горбачев, М. С.
c Дополнение к имени государственный деятель; политический деятель; генеральный секретарь ЦК КПСС
f Даты 1931
g Полное имя Михаил Сергеевич
600 Персоналии _1
a Персоналии (Фамилия) Ельцин, Б. Н.
c Дополнение к имени президент России
f Даты 1931-2007
g Полное имя Борис Николаевич
600 Персоналии _1
a Персоналии (Фамилия) Сталин, И. В.
c Дополнение к имени политический деятель; государственный деятель
f Даты 1879-1953
g Полное имя Иосиф Виссарионович
601 Наименование организации как предмет 12
a Наименование организации как предмет Коминтерн
606 Тематические рубрики __
a Основная рубрика История
a Основная рубрика История России и СССР (октябрь 1917 - 1991 г.)
z Хронологическая подрубрика 20 в.
y Географическая подрубрика Россия; СССР; Корея; Германия
610 Ключевые слова 0_
a Ключевые слова сельское хозяйство; экономика; внешняя политика; внутренняя политика; войны; культура; наука; новейшая история; образование; политика; промышленность; Великая Отечественная война; ВОВ; денежная реформа; коллективизация; перестройка; президенты; приватизация; реформы; сталинизм; Холодная война; постсоветское пространство; новое политическое мышление; беловежское соглашение; августовский путч; Новоогаревский процесс; раскулачивание; Сталинградская битва; Курская битва; Крымская конференция
686 Индексы других классификаций __
2 Код системы rubbks
a Классификационный индекс 63.3(2)6я73
702 Вторичная интеллектуальная ответственность _1
a Фамилия Киселев
b Имя А. Ф.
4 Код отношения Редактор
702 Вторичная интеллектуальная ответственность _1
a Фамилия Щагин
b Имя Э. М.
4 Код отношения Редактор
801 Источник записи _0
a Страна RU
b Организация Муниципальное бюджетное учреждение культуры "Централизованная библиотечная система" г. Сургут (Центральная городская библиотека им. А. С. Пушкина)
g Правила каталогизации ОБ/Бутенко
801 Источник записи _1
a Страна RU
b Организация Муниципальное бюджетное учреждение культуры "Централизованная библиотечная система" г. Сургут (Центральная городская библиотека им. А. С. Пушкина)
g Правила каталогизации ОБ/Бутенко
852 Данные о местонахождении __
j Шифр хранения 63.3(2)6я73
c Каталожный индекс 63.3(2)6я73
i Авторский знак Н 72
p Инвентарный номер 73996
901 Тип документа __
t Тип документа m
903 Характеристики (МАРС) __
a Дата передачи 19991225
969 Тип издания __
a Тип издания учебник
990 Данные о заказе (DOS) 00
j Количество экземпляров (DOS) 2
t N записи в КСУ для И/У (DOS) 200001